Central Library OPAC University of Rajshahi

বাংলাদেশের উপন্যাস : (Record no. 48064)

MARC details
000 -LEADER
fixed length control field 00863nam a2200229 a 4500
001 - CONTROL NUMBER
control field 48064
003 - CONTROL NUMBER IDENTIFIER
rucl marc code BD-RjUL
005 - DATE AND TIME OF LATEST TRANSACTION
control field 20211209054443.0
008 - FIXED-LENGTH DATA ELEMENTS--GENERAL INFORMATION
fixed length control field 160811s2009 bg ||||| |||| 00| f ben d
020 ## - INTERNATIONAL STANDARD BOOK NUMBER
International Standard Book Number 984074786X
Terms of availability : Tk. 120.00
035 ## - SYSTEM CONTROL NUMBER
System control number (BD-RjUL) 48183
040 ## - CATALOGING SOURCE
Original cataloging agency BD-RjUL
Language of cataloging ben
Transcribing agency BD-RjUL
041 ## - LANGUAGE CODE
Language code of text/sound track or separate title ben
082 ## - DEWEY DECIMAL CLASSIFICATION NUMBER
Edition number 23
Classification number 891.443
Author mark and year PAB 2009
100 1# - MAIN ENTRY--PERSONAL NAME
Personal name পাল, ছন্দশ্রী
9 (RLIN) 145722
245 10 - TITLE STATEMENT
Title বাংলাদেশের উপন্যাস :
Remainder of title পরিবার ও সমাজ (১৯৪৭-২০০০) /
Statement of responsibility, etc. ছন্দশ্রী পাল
260 ## - PUBLICATION, DISTRIBUTION, ETC. (IMPRINT)
Place of publication, distribution, etc. ঢাকা :
Name of publisher, distributor, etc. বাংলা একাডেমী,
Date of publication, distribution, etc. ২০০৯
300 ## - PHYSICAL DESCRIPTION
Pagination [১২], ১৯২ পৃ. ;
Size ২১ সেমি.
650 ## - SUBJECT ADDED ENTRY--TOPICAL TERM
Topical term or geographic name as entry element বাংলা উপন্যাস
9 (RLIN) 145723
Topical term or geographic name as entry element Bengali Fiction
9 (RLIN) 145724
942 ## - ADDED ENTRY ELEMENTS (KOHA)
Source of classification or shelving scheme Dewey Decimal Classification
Koha item type Books
Holdings
Lost status Source of classification or shelving scheme Damaged status Not for loan Collection code Permanent Location Current Location Shelving location Date acquired Source of acquisition Cost, normal purchase price Total Checkouts Full call number Date last seen Date checked out Copy number Koha item type
  Dewey Decimal Classification     Fiction Central Library, University of Rajshahi Central Library, University of Rajshahi   02/02/2012 Bangla Academy, Dhaka 120.00 2 B 891.443 PAB 2009 18/03/2018 12/03/2018 C-2 Books
  Dewey Decimal Classification   Not For Loan Fiction Central Library, University of Rajshahi Central Library, University of Rajshahi Reading Room 02/02/2012 Bangla Academy, Dhaka 120.00   B 891.443 PAB 2009 31/01/2017   C-1 Books